Laicismo y libertad de conciencia.
Gardado en:
| Autor Principal: | |
|---|---|
| Outros autores: | , |
| Formato: | Libro |
| Idioma: | inglés |
| Publicado: |
Madrid, España:
Alianza,
2011.
|
| Subjects: | |
| Tags: |
Engadir etiqueta
Sen Etiquetas, Sexa o primeiro en etiquetar este rexistro!
|
MARC
| LEADER | 00000nam a22000007a 4500 | ||
|---|---|---|---|
| 003 | CL-VaPUC | ||
| 005 | 20230817114118.0 | ||
| 008 | 230804t2011 ||||| |||| 00| 0 eng d | ||
| 999 | |c 441493 |d 441491 | ||
| 020 | |a 978-84-206-5261-0 | ||
| 040 | |c Pontificia Universidad Católica de Valparaíso | ||
| 082 | |2 22 |a 261.72 MAC 2011 | ||
| 100 | |9 884026 |a Maclure, Jocelyn |e autora | ||
| 245 | |a Laicismo y libertad de conciencia. | ||
| 260 | |a Madrid, España: |b Alianza, |c 2011. | ||
| 300 | |a 162 páginas. | ||
| 500 | |a c.1 Donación Sr. Jorge Precht Pizarro. 26-05-23. Biblioteca Teología. | ||
| 583 | |c 20230804 |k Yessy Sthefany Diaz Vidal | ||
| 650 | 0 | |9 533527 |a Laicidad |x Principios constitutivos | |
| 650 | 0 | |9 310064 |a Libertad de conciencia |x Pluralismo religioso | |
| 700 | |9 445 |a Taylor, Charles |e autor | ||
| 700 | |9 884027 |a Hernández Díaz, María |e traducción | ||
| 942 | |2 ddc |c BK | ||
| 952 | |0 0 |1 0 |2 ddc |4 0 |6 261_720000000000000_MAC_2011 |7 0 |8 A |9 591103 |a BIBTEO |b BIBTEO |c GEN |d 2023-08-04 |e Donación |i 5658251 |l 1 |m 2 |o 261.72 MAC 2011 |p 5658251 |r 2025-01-17 |s 2024-10-23 |t 1 |w 2023-08-04 |y BK |k ICR | ||